000 00312nam a22001337a 4500
008 170310b xxu||||| |||| 00| 0 eng d
020 _a0889857X
041 _aeng
080 _a616.073
100 _a7
101 _aSHM
245 _aRHEUMATIC DISEASE CLINICS OF NORTH AMERICA
_cMILLER, F.W
942 _2udc
_cBK
999 _c7448
_d7448